|
|
|
|
| LEADER |
04106nam a2201009 i 4500 |
| 001 |
nkc20172903404 |
| 003 |
CZ PrNK |
| 005 |
20251209113253.0 |
| 007 |
ta |
| 008 |
170620s2017 xr ah e 001 1dcze |
| 015 |
|
|
|a cnb002903404
|
| 020 |
|
|
|a 978-80-246-3619-1
|q (vázáno)
|
| 035 |
|
|
|a (OCoLC)1000512409
|
| 040 |
|
|
|a ABA001
|b cze
|e rda
|
| 043 |
|
|
|a e-xr---
|
| 045 |
|
|
|a u7v1
|
| 072 |
|
7 |
|a 2-23/-27
|x Bible. Biblistika
|2 Konspekt
|9 5
|
| 080 |
|
|
|a 27-232/-236
|2 MRF
|
| 080 |
|
|
|a 27-282
|2 MRF
|
| 080 |
|
|
|a 272-528
|2 MRF
|
| 080 |
|
|
|a 272-549
|2 MRF
|
| 080 |
|
|
|a 27-564
|2 MRF
|
| 080 |
|
|
|a 27-563
|2 MRF
|
| 080 |
|
|
|a 272-565
|2 MRF
|
| 080 |
|
|
|a 094(=162.3)
|2 MRF
|
| 080 |
|
|
|a 27-235
|2 MRF
|
| 080 |
|
|
|a 27-234
|2 MRF
|
| 080 |
|
|
|a 811.162.3'25
|2 MRF
|
| 080 |
|
|
|a 27-23:75.056
|2 MRF
|
| 080 |
|
|
|a (437.3)
|2 MRF
|
| 080 |
|
|
|a (0:82-97)
|2 MRF
|
| 080 |
|
|
|a (082.21)
|2 MRF
|
| 080 |
|
|
|a (0.072)
|2 MRF
|
| 130 |
0 |
|
|a Bible.
|l Česky.
|s Svatováclavská
|7 unn2009545001
|
| 245 |
1 |
0 |
|a Svatováclavská bible :
|b nedělní a sváteční čtení
|
| 264 |
|
1 |
|a Praha :
|b Karolinum,
|c 2017
|
| 300 |
|
|
|a 311 stran :
|b ilustrace (převážně barevné), faksimile ;
|c 25 cm
|
| 336 |
|
|
|a text
|b txt
|2 rdacontent
|
| 337 |
|
|
|a bez média
|b n
|2 rdamedia
|
| 338 |
|
|
|a svazek
|b nc
|2 rdacarrier
|
| 500 |
|
|
|a "Antologii vydali k připomenutí třístého výročí dokončení prvního vydání Svatováclavské bible podle tisků z let 1677 až 1715 Ondřej Koupil a Jiří M. Havlík. Úvodní texty napsali editoři spolu s Martinem Mádlem."--Tiráž
|
| 504 |
|
|
|a Obsahuje bibliografii, bibliografické odkazy a rejstříky
|
| 550 |
|
|
|a Vydavatel: Univerzita Karlova
|
| 630 |
0 |
7 |
|a Bible.
|l Česky.
|s Svatováclavská
|7 unn2009545001
|2 czenas
|
| 630 |
0 |
9 |
|a Bible.
|s Svatováclavská
|2 eczenas
|
| 648 |
|
4 |
|a 1677-1715
|
| 648 |
|
7 |
|a 17.-18. století
|7 ch757024
|2 czenas
|
| 650 |
0 |
7 |
|a biblické texty
|7 ph118860
|z Česko
|y 17.-18. století
|2 czenas
|
| 650 |
0 |
7 |
|a liturgické texty
|7 ph115163
|z Česko
|y 17.-18. století
|2 czenas
|
| 650 |
0 |
7 |
|a katolická liturgie
|7 ph121529
|2 czenas
|
| 650 |
0 |
7 |
|a mše
|7 ph115393
|2 czenas
|
| 650 |
0 |
7 |
|a církevní rok
|7 ph114290
|2 czenas
|
| 650 |
0 |
7 |
|a neděle
|7 ph115427
|2 czenas
|
| 650 |
0 |
7 |
|a katolické svátky
|7 ph114898
|2 czenas
|
| 650 |
0 |
7 |
|a české staré tisky
|7 ph138373
|y 17.-18. století
|2 czenas
|
| 650 |
0 |
7 |
|a biblické verze
|7 ph138438
|z Česko
|y 17.-18. století
|2 czenas
|
| 650 |
0 |
7 |
|a biblické překlady
|7 ph115820
|z Česko
|y 17.-18. století
|2 czenas
|
| 650 |
0 |
7 |
|a překlady do češtiny
|7 ph124901
|y 17.-18. století
|2 czenas
|
| 650 |
0 |
7 |
|a biblické ilustrace
|7 ph118856
|z Česko
|y 17.-18. století
|2 czenas
|
| 650 |
0 |
9 |
|a Biblical texts
|z Czechia
|y 17th-18th centuries
|2 eczenas
|
| 650 |
0 |
9 |
|a liturgical texts
|z Czechia
|y 17th-18th centuries
|2 eczenas
|
| 650 |
0 |
9 |
|a Catholic liturgy
|2 eczenas
|
| 650 |
0 |
9 |
|a Holy Mass
|2 eczenas
|
| 650 |
0 |
9 |
|a church year
|2 eczenas
|
| 650 |
0 |
9 |
|a Sundays
|2 eczenas
|
| 650 |
0 |
9 |
|a Catholic festivals
|2 eczenas
|
| 650 |
0 |
9 |
|a Czech old prints
|y 17th-18th centuries
|2 eczenas
|
| 650 |
0 |
9 |
|a Biblical versions
|z Czechia
|y 17th-18th centuries
|2 eczenas
|
| 650 |
0 |
9 |
|a Biblical translations
|z Czechia
|y 17th-18th centuries
|2 eczenas
|
| 650 |
0 |
9 |
|a translations into Czech
|y 17th-18th centuries
|2 eczenas
|
| 650 |
0 |
9 |
|a Bible illustrations
|z Czechia
|y 17th-18th centuries
|2 eczenas
|
| 655 |
|
7 |
|a náboženské texty
|7 fd914162
|2 czenas
|
| 655 |
|
7 |
|a antologie
|7 fd131819
|2 czenas
|
| 655 |
|
7 |
|a komentovaná vydání
|7 fd132577
|2 czenas
|
| 655 |
|
9 |
|a religious texts
|2 eczenas
|
| 655 |
|
9 |
|a anthology
|2 eczenas
|
| 655 |
|
9 |
|a annotated editions
|2 eczenas
|
| 730 |
0 |
2 |
|a Bible.
|k Výběr
|7 unn2009543672
|
| 700 |
1 |
|
|a Koupil, Ondřej,
|d 1972-
|7 jn20010309672
|4 edt
|4 wfw
|
| 700 |
1 |
|
|a Havlík, Jiří M.,
|d 1979-
|7 jo2003196963
|4 edt
|4 wfw
|
| 700 |
1 |
|
|a Mádl, Martin,
|d 1967-
|7 js20011212179
|4 wfw
|
| 710 |
2 |
|
|a Univerzita Karlova
|7 kn20010710036
|4 isb
|
| 910 |
2 |
|
|a BOA001
|b 2-1390.889
|
| 990 |
|
|
|a BK
|
| 995 |
|
|
|a 01
|
| 991 |
|
|
|b 201706
|c NOV
|
| 996 |
6 |
|
|b 2610712936
|c 2-1390.889
|l MZK
|r Sklad / do 1 hodiny
|n 4
|p p.v.
|w 001618827
|u 000010
|a 1
|e BOA001
|j MZK50
|s P
|